000 00889nam a2200253Ia 4500
003 OSt
005 20220923211042.0
006 a|||||r|||| 00| 0
007 ta
008 Pun
020 _a8173807930 (hbk)
_c600
024 _a284,584
037 _b931, 27/03/2015, H.K. Prakashan
_cTextual
040 _aARTS
_cARTS
_bPun
041 _2Pun
_aPun
082 _aO15:4k, 153P2
100 _aਸਿੰਘ, ਪ੍ਰੇਮ ਪ੍ਰਕਾF, ਥਦ.
_9157648
245 0 _aਸੰਸਕ੍ਰਿਤ ਪੰਜਾਬੀ ਕੋF
260 _aਪਟਿਆਲਾ
_b ਪੰਜਾਬੀ ਯੁਨੀਵਰਸਿਟੀ
_c2002
300 _a1084ਪੰ
_ccm.
650 _aਸਾਂFੲਛ ਸੱਸFਥ੍ਹਛ
_9157649
942 _hO15:4k, 153P2
_cTEXL
_2CC
999 _c294543
_d294543